German Conjuctions (No Yellow Box) - Statistics

General Stats
  • This quiz has been taken 14 times
  • The average score is 18 of 38
Answer Stats
Hint Answer % Correct
but (not except) aber
100%
when als/wenn
100%
and und
100%
because weil/da
100%
that dass
89%
or oder/beziehungsweise
89%
if (not whether) wenn/falls/sofern
89%
than als
78%
before bevor
78%
until bis
78%
for (because) denn
78%
how wie
78%
like/as (manner) wie
78%
where wo
78%
either entweder
56%
whether ob
56%
although obwohl/trotzdem
56%
so that (result) sodass
44%
as long as solange
44%
before (ere) ehe
33%
nor noch
33%
as soon as/ by the time that sobald
33%
while (temporal) während
33%
neither weder
33%
in order that damit/somit
22%
after nachdem
22%
as well as sowie
22%
as soon as sowie
22%
as ... as so... wie
22%
although obschon/obgleich
11%
since (temporal) seitdem
11%
rather sondern
11%
however (on the other hand) dagegen
0%
so much the desto/umso
0%
by (method) indem
0%
nonetheless nichtsdestotrotz
0%
both sowohl
0%
especially since zumal
0%
No matching quizzes found
Score Distribution
Percent of People with Each Score
Percentile by Number Answered
Your Score History
You have not taken this quiz